书目信息 |
| 题名: |
林肯的DNA以及遗传学上的其他冒险
|
|
| 作者: | 赖利 著 ;钟扬 译 | |
| 分册: | ||
| 出版信息: | 上海 上海科技教育出版社 2005 |
|
| 页数: | 13,375页 | |
| 开本: | 23cm | |
| 丛书名: | 世纪人文系列丛书 | |
| 单 册: | ||
| 中图分类: | Q3-49 | |
| 科图分类: | ||
| 主题词: | 遗传学 , 遗传学--普及读物 | |
| 电子资源: | ||
| ISBN: | 7-5428-3797-4 | |
| 000 | 01188oam2 2200301 450 | |
| 001 | 003068911 | |
| 005 | 20061101152018.54 | |
| 010 | @a7-5428-3797-4@dCNY33.00 | |
| 100 | @a20060116d2005 em y0chiy0110 ea | |
| 101 | 1 | @achi@ceng |
| 102 | @aCN@b310000 | |
| 105 | @aa z 000yd | |
| 200 | 1 | @a林肯的DNA以及遗传学上的其他冒险@9lin ken de DNA yi ji yi chuan xue shang de qi ta mao xian@f(美)菲利普·R. 赖利(Philip R. Reilly)著@g钟扬等译@Gzhong yang deng yi |
| 210 | @a上海@c上海科技教育出版社@d2005 | |
| 215 | @a13,375页@c照片,图@d23cm | |
| 225 | 2 | @a世纪人文系列丛书@i开放人文 |
| 312 | @a封面英文题名:Abraham Lincoln's DNA and other adventures in genetics | |
| 330 | @a本书撰写了24个遗传学例子,置于历史、司法、行为、动植物、疾病以及伦理难题这6个主题之下,讲述了遗传学实际应用的有趣故事。 | |
| 462 | 0 | @12001 @a开放人文 |
| 510 | 1 | @aAbraham Lincoln's DNA and other adventures in genetics@zeng |
| 513 | 1 | @a林肯的DNA@9lin ken de DNA |
| 606 | 0 | @a遗传学 |
| 606 | 0 | @a遗传学@j普及读物 |
| 690 | @aQ3-49@v4 | |
| 701 | 0 | @c(美)@a赖利@9lai li@c(Reilly, Philip R.)@4著 |
| 702 | 0 | @a钟扬@9zhong yang@c(生理学)@4译 |
| 801 | 0 | @aCN@bNLC@c20061101 |
| 905 | @a10447@dQ3-49@e49 | |
| 林肯的DNA以及遗传学上的其他冒险/(美)菲利普·R. 赖利(Philip R. Reilly)著/钟扬等译.-上海:上海科技教育出版社,2005 |
| 13,375页:照片,图;23cm.-(世纪人文系列丛书.开放人文) |
| ISBN 7-5428-3797-4:CNY33.00 |
| 本书撰写了24个遗传学例子,置于历史、司法、行为、动植物、疾病以及伦理难题这6个主题之下,讲述了遗传学实际应用的有趣故事。 |
| ● |
| 相关链接 |
|
|
|
|
正题名:林肯的DNA以及遗传学上的其他冒险
索取号:Q3-49/49
 
预约/预借
| 序号 | 登录号 | 条形码 | 馆藏地/架位号 | 状态 | 备注 |
| 1 | 0387428 | 203874281 | 第二样本阅览室/ [索取号:Q3-49/49] | 在馆 | |
| 2 | 0387429 | 203874290 | 第三借阅区/ [索取号:Q3-49/49] | 在馆 | |
| 3 | 0387430 | 203874307 | 第三借阅区/ [索取号:Q3-49/49] | 在馆 | |
| 4 | 0387431 | 203874316 | 第三借阅区/ [索取号:Q3-49/49] | 在馆 | |
| 5 | 0387432 | 203874325 | 第三借阅区/ [索取号:Q3-49/49] | 在馆 |